|
|
|
|
| LEADER |
00000nam a22000007a 4500 |
| 005 |
20191018233957.0 |
| 007 |
cr|||| |||| |
| 008 |
191018c20179999cl fr|w s|||| 0|||b1eng d |
| 022 |
|
|
|a 0719-9112
|
| 035 |
|
|
|a 23246
|
| 040 |
|
|
|a vLex
|
| 090 |
|
|
|c 9931
|d 9931
|
| 245 |
0 |
0 |
|a Revista Latin American Legal Studies
|h [Recurso electrn̤ico] /
|
| 256 |
|
|
|a Servicio en ln̕ea
|
| 260 |
|
|
|a Santiago de Chile:
|b Universidad Adolfo Ibę̀z,
|c 2017 -
|
| 300 |
|
|
|a 1 recurso electrn̤ico
|
| 310 |
|
|
|a Semestral
|
| 362 |
|
|
|a Nð 1 (Sep. 2017) -
|
| 500 |
|
|
|a LALS is a law journal established by the Faculty of Law of Universidad Adolfo Ibę̀z. The journal publishes original articles that meet strict scholar standards in English and Spanish, on miscellaneous legal subjects with a philosophical, doctrinal, comparative or interdisciplinary approach, that relates to one or more Latin American systems, as well as comparative work between one Latin American system and a non-Latin American system.
|
| 506 |
1 |
|
|a Disponible solo en los productos indicados
|d vLex Global
|d vLex Global (Academic Edition, excluding Law Schools)
|d vLex Global (U.S. Academic Edition, Law Schools)
|d vLex Global (U.S. Academic Edition, excluding Law Schools)
|d vLex Global (Academic Edition, Law Schools)
|
| 650 |
0 |
4 |
|a Derecho Civil
|z Chile
|
| 650 |
0 |
4 |
|a Derecho Mercantil y de la Empresa
|z Chile
|
| 650 |
0 |
4 |
|a Derecho Pb︢lico y Administrativo
|z Chile
|
| 740 |
0 |
|
|a vLex Revistas (Servicio en ln̕ea)
|
| 856 |
4 |
0 |
|u http://vlex.com/source/revista-latin-american-legal-studies-23246
|z Acceso restringido
|
| 942 |
|
|
|c REV
|
| 999 |
0 |
|
|a Civil Law
|
| 999 |
0 |
|
|a Commercial and Business Law
|
| 999 |
0 |
|
|a Public and Administrative Law
|